000 00946nac a22003137a 4500
001 BR0803136
003 BR-BrBNA
005 20240105123542.0
008 230509b bl.|||m| |||| 00| 0 por d
040 _aBR-BrBNA
_bpor
_cBiblioteca Nacional de Agricultura
072 _aP10; U10
090 _aP10 BR0803136
100 1 _aPalhares, J.C.P.
100 1 _aRamos, C.
100 1 _aKlein, J.B.
100 1 _aLima, J.M.M. de
100 1 _aMuller, S.
100 1 _aCestonaro, T.
110 1 _aEMBRAPA Suínos e Aves, Concórdia, SC (Brasil)
245 1 _aMedição da vazão em rios pelo método do flutuador
260 3 _aConcórdia, SC (Brasil):
_c2007.
300 _a4 p.
490 _aComunicado Técnico - EMBRAPA Suínos e Aves (Brazil)
_vno. 455
_xISSN 0100-8862
650 _aRECURSO HÍDRICO
650 _aRIO
650 _aMODELO MATEMÁTICO
909 _a202312
_bLúcia Elande
_c55
_dLúcia Elande
942 _2AGRIS
_n0
_cMS
999 _c295964
_d295964